Surnom des joueurs NBA - Statistiques

Statistiques générales
  • Ce quiz a été pris 571 fois
  • Le résultat moyen est 21 sur 30
Statistiques - réponses
Surnom Joueur % Correct
Air jordan Michael Jordan
100%
Larry legend Larry Bird
98%
KD Kévin Durant
96%
King james LeBron James
96%
The black mamba Kobe Bryant
95%
Magic Magic Johnson
94%
CP3 Chris Paul
92%
The Joker Nikola Jokic
88%
The answer Allen Iverson
86%
The Greak Freak Giannis Antetokounmpo
82%
Uncle Drew Kyrie Irving
79%
Wilt the stilt Wilt Chamberlain
79%
Vinsanity Vince Carter
78%
Diesel Shaquille O’Neal
76%
Meloman Carmelo Anthony
71%
The dream Hakeem Olajuwon
71%
Dr J Julius Erving
71%
The Big Fundamental Tim Duncan
71%
The admiral David Robinson
66%
The claw Kawhi Leonard
66%
The big ticket Kevin Garnett
61%
The mailman Karl Malone
60%
The worm Dennis Rodman
57%
The truth Paul Pierce
55%
The glove Gary Payton
52%
Batman Nicolas Batum
48%
The glide Clyde Drexler
39%
Starbury Stephen Marbury
38%
The iceman George Gervin
25%
The Reignman Shawn Kemp
20%
Aucun quiz correspondant
Distribution des résultats
% des personnes avec chaque résultat
Percentile par nombre de réponses
Votre historique - résultats
Vous n’avez pas pris ce quiz